000 00632nas a2200217 4500
001 BR5900216
003 BR-BrBNA
005 20231205082022.0
007 ta
008 230509b bl.|||p| |||| 00| 00por d
040 _aBR-BrBNA
_bpor
_cBiblioteca Nacional de Agricultura
041 _a(Pt)
072 _aH10
100 1 _aFagundes, A.C.
245 1 _aEnsaio de campo visando o controle de caracois
650 _aCONTROLE QUIMICO
650 _aCARACOL
773 0 _tAgronomia Sulriograndense (Brazil)
_xISSN 0400-8111
_g(1960), v. 5(1) p. 147-150
_wBR5900216
909 _a202311
_bLúcia
_c55
_dLúcia Elande
942 _2AGRIS
_n0
_cANA
999 _c88598
_d88598